Друзья и соседи: юмористические рассказы

Bibliographische Detailangaben
1. Verfasser: Ласкин Б. С. Борис Савельевич
Zusammenfassung:Исключено из фонда НТБ ТПУ
Sprache:Russisch
Veröffentlicht: Москва, Советский писатель, 1978
Format: MixedMaterials Buch
KOHA link:https://koha.lib.tpu.ru/cgi-bin/koha/opac-detail.pl?biblionumber=321635

MARC

LEADER 00000nam0a2200000 4500
001 321635
005 20231101021909.0
035 |a (RuTPU)RU\TPU\book\347191 
090 |a 321635 
100 |a 20160901d1978 m y0rusy50 ca 
101 0 |a rus 
102 |a RU 
105 |a c z 000ay 
200 1 |a Друзья и соседи  |e юмористические рассказы  |f Б. С. Ласкин 
210 |a Москва  |c Советский писатель  |d 1978 
215 |a 447 с.  |c портр. 
333 |a Исключено из фонда НТБ ТПУ 
700 1 |a Ласкин  |b Б. С.  |g Борис Савельевич 
801 1 |a RU  |b 63413507  |c 20160901 
801 2 |a RU  |b 63413507  |c 20220602  |g RCR 
942 |c BK